| 000 | 00467nam a2200181 4500 | ||
|---|---|---|---|
| 003 | SEACOMMC | ||
| 005 | 20250424153744.0 | ||
| 008 | 241106b |||||||| |||| 00| 0 eng d | ||
| 020 |
_a978-81-74462-16-9 _cRs.295.00 |
||
| 040 | _aSEACOMMC | ||
| 082 |
_a650 _bA 261 |
||
| 100 | _a Agarwal,Raj | ||
| 245 | 1 |
_aBusiness Environment _c Raj Agarwal |
|
| 250 | _a2nd rev.ed. | ||
| 260 |
_a New Delhi _b Excel Books _c 2006 |
||
| 650 | _a Business Management | ||
| 942 | _cBOOK | ||
| 999 |
_c748 _d748 |
||